000 00783nam a2200217 a 4500
001 71550
003 BD-RjUL
005 20211209082129.0
008 170504s1976 bg |||| |||| 00| e ben d
035 _a(BD-RjUL)71766
040 _aBD-RjUL
_bben
_cBD-RjUL
041 _aben
082 _223
_a891.44408
_bAZL 1976
100 1 _aআজাদ, হুমায়ুন
_9121924
245 1 0 _aলাল নীল দীপাবলী /
_cহুমায়ুন আজাদ
260 _aঢাকা :
_bবাংলা একাডেমী,
_c১৯৭৬ (১৩৮৩)
300 _a১৮৩ পৃ. ;
_c২২ সেমি.
650 _aবাংলা প্রবন্ধ
_9122580
_xসমগ্র
650 _aBengali Essays
_9122581
_xCollections
942 _2ddc
_cBK
_05
999 _c71550
_d71550